রোহিঙ্গা স্বাধিকার আন্দোলন, ১৯৪২ - ১৯৯২ খ্রিস্টাব্দ / (Record no. 78399)
[ view plain ]
| 000 -LEADER | |
|---|---|
| fixed length control field | 02548nam a2200349 a 4500 |
| 001 - CONTROL NUMBER | |
| control field | 78399 |
| 003 - CONTROL NUMBER IDENTIFIER | |
| rucl marc code | BD-RjUL |
| 005 - DATE AND TIME OF LATEST TRANSACTION | |
| control field | 20211209083126.0 |
| 008 - FIXED-LENGTH DATA ELEMENTS--GENERAL INFORMATION | |
| fixed length control field | 210916s2018 bg a|||| m||| 00| 0 ben d |
| 035 ## - SYSTEM CONTROL NUMBER | |
| System control number | (BD-RjUL)78625 |
| 040 ## - CATALOGING SOURCE | |
| Original cataloging agency | BD-RjUL |
| Language of cataloging | ben / eng |
| Transcribing agency | BD-RjUL |
| Modifying agency | BD-RjUL |
| 041 ## - LANGUAGE CODE | |
| Language code of text/sound track or separate title | ben |
| 082 ## - DEWEY DECIMAL CLASSIFICATION NUMBER | |
| Classification number | 959.105 |
| Author mark and year | UDR 2018 |
| Edition number | 23 |
| 100 ## - MAIN ENTRY--PERSONAL NAME | |
| Personal name | উদ্দিন, মোহাম্মদ নাছির |
| 9 (RLIN) | 248061 |
| 245 01 - TITLE STATEMENT | |
| Title | রোহিঙ্গা স্বাধিকার আন্দোলন, ১৯৪২ - ১৯৯২ খ্রিস্টাব্দ / |
| Statement of responsibility, etc. | মোহাম্মদ নাছির উদ্দিন ; |
| Linkage | তত্ত্বাবধায়ক : মোহাম্মদ মুহিবউল্যাহ ছিদ্দিকী |
| 246 02 - VARYING FORM OF TITLE | |
| Title proper/short title | Self- Determination Movement of the Rohingyas, 1942-1992 A. D. / |
| 260 ## - PUBLICATION, DISTRIBUTION, ETC. (IMPRINT) | |
| Place of publication, distribution, etc. | রাজশাহী : |
| Name of publisher, distributor, etc. | ইসলামের ইতিহাস ও সংস্কৃতি বিভাগ, রাজশাহী বিশ্ববিদ্যালয়, |
| Date of publication, distribution, etc. | ২০১৮ |
| 300 ## - PHYSICAL DESCRIPTION | |
| Pagination | vi, [১], ৩৪৯ পাতা : |
| Illustrations | চিত্র ; |
| Size | ৩০ সেমি. |
| 502 ## - DISSERTATION NOTE | |
| Dissertation note | থিসিস (পিএইচ. ডি.) -- ইসলামের ইতিহাস ও সংস্কৃতি বিভাগ, রাজশাহী বিশ্ববিদ্যালয়, ২০১৮ |
| 504 ## - BIBLIOGRAPHY, ETC. NOTE | |
| Bibliography, etc | গ্রন্থপঞ্জি ও তথ্য বিবরণী : পাতা ৩০৬ - ৩৪২ |
| 600 ## - SUBJECT ADDED ENTRY--PERSONAL NAME | |
| Personal name | |
| Dates associated with a name | |
| Fuller form of name | |
| Chronological subdivision | |
| 650 ## - SUBJECT ADDED ENTRY--TOPICAL TERM | |
| Topical term or geographic name as entry element | রোহিঙ্গা (বার্মিজ মানুষ) |
| General subdivision | ইতিহাস |
| Chronological subdivision | ১৯৪২-১৯৯২ খ্রিস্টাব্দ |
| 9 (RLIN) | 248216 |
| Topical term or geographic name as entry element | Rohingya (Burmese people) |
| General subdivision | History. |
| Chronological subdivision | 1942-1992 A. D |
| 9 (RLIN) | 248217 |
| Topical term or geographic name as entry element | মুসলমান |
| Geographic subdivision | মায়ানমার |
| -- | রাখাইন রাজ্য |
| General subdivision | ইতিহাস |
| Chronological subdivision | ১৯৪২-১৯৯২ খ্রিস্টাব্দ |
| 9 (RLIN) | 248218 |
| Topical term or geographic name as entry element | Muslims |
| Geographic subdivision | Myanmar |
| -- | Rakhine State |
| General subdivision | History. |
| Chronological subdivision | 1942-1992 A. D. |
| 9 (RLIN) | 248219 |
| Topical term or geographic name as entry element | মানবতার বিরুদ্ধে অপরাধ |
| Geographic subdivision | মায়ানমার |
| 9 (RLIN) | 248220 |
| Topical term or geographic name as entry element | Crimes against humanity |
| Geographic subdivision | Myanmar |
| 9 (RLIN) | 248221 |
| Topical term or geographic name as entry element | জাতিগত দ্বন্দ্ব |
| Geographic subdivision | মায়ানমার |
| 9 (RLIN) | 244327 |
| Topical term or geographic name as entry element | Ethnic conflict |
| Geographic subdivision | Myanmar |
| 9 (RLIN) | 248222 |
| 700 ## - ADDED ENTRY--PERSONAL NAME | |
| Personal name | ছিদ্দিকী, মোহাম্মদ মুহিবউল্যাহ, তত্ত্বাবধায়ক |
| 942 ## - ADDED ENTRY ELEMENTS (KOHA) | |
| Source of classification or shelving scheme | Dewey Decimal Classification |
| Koha item type | Theses |
| Lost status | Source of classification or shelving scheme | Damaged status | Not for loan | Collection code | Permanent Location | Current Location | Shelving location | Date acquired | Source of acquisition | Total Checkouts | Full call number | Date last seen | Copy number | Koha item type |
|---|---|---|---|---|---|---|---|---|---|---|---|---|---|---|
| Dewey Decimal Classification | Not For Loan | Theses | Central Library, University of Rajshahi | Central Library, University of Rajshahi | Documentation Section | 30/04/2019 | Controller of Exam., R.U. | THE 959.105 UDR 2018 | 16/09/2021 | C-1 | Theses |